01866nam a2200349 a 450000100100000000500170001000800410002704000250006808200190009310000330011224501050014526000340025030000210028449000690030549000440037450400560041859000270047465000200050165000270052165000310054865000350057965100540061483000760066883000510074491000380079595201380083395201380097195201230110995201290123295201380136199900170149900002401420260313093410.0110118s1987 dr 000 0 spa d aDO-SdBNPbspacBNPHU a320.532bC468p1 aChapuseaux, Adalberto92696313aEl por qué del bolshevikismo /cAdalberto Chapuseaux ; estudio de Alexis Viloria y Ángel Moreta. aSanto Domingo :bUASD,c1987. a214 p. ;c21 cm.1 aPublicaciones de la Universidad Autónoma de Santo Domingov5791 aClásicos del pensamiento universalv2 aIncluye bibliografía y notas al pie de páginas. aInventariado, 2018/ YL 4aComunismo92880 4aComunismozRusia95326 0aCiencias políticas92426 4aPolítica internacional92879 0aRepública DominicanaxPolítica y gobierno945 0aPublicaciones de la Universidad Autónoma de Santo Domingon579949351 0aClásicos del pensamiento universaln2949352 aValidado. Control de calidad EMS. 001054708DSaGRbGRcHDd2011-01-18iLF1l0o320.532 C468p, 1987p24014-30r2020-06-25te. 3w2020-06-25yLFDSZPréstamo en sala 001054708DSaGRbGRcHDd2011-01-18iLF1l0o320.532 C468p, 1987p24014-40r2020-06-25te. 4w2020-06-25yLFDSZPréstamo en sala 0010718PDaPDbPDcHDd2011-01-18iLF1l0o320.532 C468p, 1987p24014-10r2020-06-25w2020-06-25yLFPDZNo se presta 0010718PDaPDbPDcHDd2011-01-18iLF1l0o320.532 C468p, 1987p24014-20r2020-06-25te. 2w2020-06-25yLFPDZNo se presta 001054708DSaPDbPDcHDd2014-04-01iLF1l0o320.532 C468p, 1987p24014-50r2020-06-25te. 5w2020-06-25yLFDSZPréstamo en sala c23509d23509